UM Logo

Methods of teaching/ (Record no. 1888)

MARC details
000 -LEADER
fixed length control field 00526nam a22001697a 4500
008 - FIXED-LENGTH DATA ELEMENTS--GENERAL INFORMATION
fixed length control field 160420b xxu||||| |||| 00| 0 eng d
020 ## - INTERNATIONAL STANDARD BOOK NUMBER
International Standard Book Number 971-685-698-9
082 ## - DEWEY DECIMAL CLASSIFICATION NUMBER
Edition number 2009
Classification number DFil 371.3
Item number Sa3m
100 ## - MAIN ENTRY--PERSONAL NAME
9 (RLIN) 6029
Personal name Salandanan, Gloria G.
245 ## - TITLE STATEMENT
Title Methods of teaching/
Statement of responsibility, etc. Gloria G. Salandanan.
250 ## - EDITION STATEMENT
Edition statement Revised edition.
260 ## - PUBLICATION, DISTRIBUTION, ETC. (IMPRINT)
Place of publication, distribution, etc. Quezon City:
Name of publisher, distributor, etc. Lorimar Publishing,
Date of publication, distribution, etc. c2009.
300 ## - PHYSICAL DESCRIPTION
Extent 173 pages;
Dimensions 25 cm.
500 ## - GENERAL NOTE
General note Includes bibliographical references.
650 #0 - SUBJECT ADDED ENTRY--TOPICAL TERM
9 (RLIN) 6032
Topical term or geographic name as entry element Teaching methodology.
942 ## - ADDED ENTRY ELEMENTS (KOHA)
Source of classification or shelving scheme Dewey Decimal Classification
Koha item type Books
Holdings
Withdrawn status Lost status Source of classification or shelving scheme Damaged status Not for loan Collection code Home library Current library Shelving location Date acquired Source of acquisition Total Checkouts Full call number Barcode Date last seen Date last checked out Price effective from Koha item type
    Dewey Decimal Classification     Filipiniana UM Digos College - LIC UM Digos College - LIC Book Cart 09/24/2010 Purchased 6 DFil 371.3 Sa3m 2009 21234 05/15/2025 03/19/2024 04/20/2016 Filipiniana